Iconografía de las letras y el pensamiento españoles en torno al noventa y ocho [exposición] / (Record no. 13724)
[ view plain ]
| 000 -LEADER | |
|---|---|
| campo de control de longitud fija | 01001nam a2200229 i 4500 |
| 001 - NÚMERO DE CONTROL | |
| campo de control | 13724 |
| 003 - IDENTIFICADOR DE NÚMERO DE CONTROL | |
| campo de control | ES-MaACL |
| 005 - FECHA Y HORA DE LA ÚLTIMA TRANSACCIÓN | |
| campo de control | 20230906150642.0 |
| 007 - CAMPO FIJO DE DESCRIPCIÓN FÍSICA--INFORMACIÓN GENERAL | |
| campo de control de longitud fija | t| |
| 008 - DATOS DE LONGITUD FIJA--INFORMACIÓN GENERAL | |
| campo de control de longitud fija | 980610s1998 sp a |||| | spa d |
| 080 ## - NÚMERO DE LA CLASIFICACIÓN DECIMAL UNIVERSAL | |
| Número de la Clasificación Decimal Universal | 929:821.134.2"18/19"(064.3) |
| 245 00 - MENCIÓN DEL TÍTULO | |
| Título | Iconografía de las letras y el pensamiento españoles en torno al noventa y ocho [exposición] / |
| Mención de responsabilidad, etc. | Centro de Estudios y Actividades Culturales de la Consejería de Educación y Cultura de la Comunidad de Madrid. |
| 260 ## - PUBLICACIÓN, DISTRIBUCIÓN, ETC. | |
| Lugar de publicación, distribución, etc. | [Madrid] : |
| Nombre del editor, distribuidor, etc. | Centro de Estudios y Actividades Culturales, |
| Fecha de publicación, distribución, etc. | [1998] |
| 300 ## - DESCRIPCIÓN FÍSICA | |
| Extensión | 63 p. : |
| Otras características físicas | il. ; |
| Dimensiones | 28 cm. |
| 650 #4 - PUNTO DE ACCESO ADICIONAL DE MATERIA--TÉRMINO DE MATERIA | |
| Término de materia o nombre geográfico como elemento de entrada | Generación del 98 (Literatura)- |
| Subdivisión de forma | Exposiciones. |
| 9 (RLIN) | 167922 |
| 655 #7 - TERMINO DE INDIZACIÓN--GENERO/FORMA | |
| Fuente del término | tgfbne |
| 9 (RLIN) | 193628 |
| Datos o término principal de género/forma | Catálogos de exposiciones |
| 710 1# - ENTRADA AGREGADA--NOMBRE DE ENTIDAD CORPORATIVA | |
| Nombre de entidad corporativa o nombre de jurisdicción como elemento de entrada | Madrid (Comunidad Autónoma). |
| Unidad subordinada | Centro de Estudios y Actividades Culturales. |
| 9 (RLIN) | 5590 |
| 740 02 - ENTRADA AGREGADA--TÍTULO RELACIONADO/ANALÍTICO NO CONTROLADO | |
| Título relacionado o analítico no controlado | Iconografía de las letras y el pensamiento españoles en torno al 98. |
| 852 ## - LOCALIZACIÓN | |
| Ubicación | ES-MaACL |
| Número de control de estantería | L-21021 |
| 942 ## - ELEMENTOS DE ENTRADA SECUNDARIOS (KOHA) | |
| Fuente del sistema de clasificación o colocación | Clasificación decimal universal |
| Estatus retirado | Estado de pérdida | Estado de daño | No para préstamo | Biblioteca de origen | Biblioteca actual | Ubicación en estantería | Fecha de adquisición | Fuente de adquisición | Total de préstamos | Signatura topográfica completa | Código de barras | Visto por última vez | Precio de reemplazo | Tipo de ítem Koha |
|---|---|---|---|---|---|---|---|---|---|---|---|---|---|---|
| Biblioteca del Ateneo de Madrid | Biblioteca del Ateneo de Madrid | Depósito 2 | 17/01/2008 | L-21021 | 1013968 | 23/02/2023 | 23/02/2023 | Libro impreso |
